UBT Library

Guide to financial management : (Record no. 44380)

000 -LEADER
fixed length control field 01002cam a22003137i 4500
001 - CONTROL NUMBER
control field 17866390
005 - DATE AND TIME OF LATEST TRANSACTION
control field 20180308034020.0
008 - FIXED-LENGTH DATA ELEMENTS--GENERAL INFORMATION
fixed length control field 130827t20142013nyua b 001 0 eng d
010 ## - LIBRARY OF CONGRESS CONTROL NUMBER
LC control number 2013948990
020 ## - INTERNATIONAL STANDARD BOOK NUMBER
International Standard Book Number 9781610393935 paperback
020 ## - INTERNATIONAL STANDARD BOOK NUMBER
International Standard Book Number 1610393937
020 ## - INTERNATIONAL STANDARD BOOK NUMBER
Cancelled/invalid ISBN 978116039394 ebook
035 ## - SYSTEM CONTROL NUMBER
System control number (OCoLC)ocn852733346
040 ## - CATALOGING SOURCE
Original cataloging agency YDXCP
Language of cataloging eng
Transcribing agency YDXCP
Description conventions rda
Modifying agency BTCTA
-- CLE
-- FMU
-- CGP
-- VP@
-- OCLCQ
-- OCLCF
-- DLC
041 ## - LANGUAGE CODE
Language code of text/sound track or separate title eng
042 ## - AUTHENTICATION CODE
Authentication code lccopycat
080 ## - UNIVERSAL DECIMAL CLASSIFICATION NUMBER
Universal Decimal Classification number 658.15 JOH
082 04 - DEWEY DECIMAL CLASSIFICATION NUMBER
Classification number 658.15 JOH
Edition number 23
100 1# - Rafti
Rafti 58
101 ## - Shkurtesa
Shkurtesa MAN
245 10 - TITLE STATEMENT
Title Guide to financial management :
Statement of responsibility, etc John Tennent.
246 3# - VARYING FORM OF TITLE
Title proper/short title Economist guide to financial management
246 1# - VARYING FORM OF TITLE
Display text At head of title:
Title proper/short title Economist
504 ## - BIBLIOGRAPHY, ETC. NOTE
Bibliography, etc Includes bibliographical references (page 344) and index.
906 ## - LOCAL DATA ELEMENT F, LDF (RLIN)
a 7
b cbc
c copycat
d 2
e ncip
f 20
g y-gencatlg
942 ## - ADDED ENTRY ELEMENTS (KOHA)
Source of classification or shelving scheme
Item type Books
Holdings
Withdrawn status Lost status Source of classification or shelving scheme Damaged status Not for loan Collection code Permanent location Current location Shelving location Date acquired Total Checkouts Full call number Barcode Date last seen Price effective from Koha item type
          Koleksioni i përgjithshem UBT - Lipjan UBT - Lipjan Koleksioni i përgjithshem 03/08/2018   658.15 JOH 002-3001324 03/08/2018 03/08/2018 Books
UBT Library © 2015-2024. All rights reserved University Education for Business and Technology